Lectures on biostatistics: an introduction to statistics with applications in biology and medicine

Збережено в:
Бібліографічні деталі
Автор: Colquhoun, D (Автор)
Формат: Книга
Мова:Англійська
Опубліковано: Oxford Clarendon Press 1971
Предмети:
Теги: Додати тег
Немає тегів, Будьте першим, хто поставить тег для цього запису!

MARC

LEADER 00000nam a2200000 a 4500
001 UCP0034
003 CL-VaPUC
008 990128e19710000UK |||||||||||||||||eng|d
082 0 4 |a 570.15195  |b COL  |2 21 
100 0 |a Colquhoun, D  |e author  |9 424857 
245 1 0 |a Lectures on biostatistics: an introduction to statistics with applications in biology and medicine 
300 |a 425 p 
942 |c BK 
945 |d 19990128 00:00:00  |a crobeson 
260 |a Oxford  |b Clarendon Press  |c 1971 
650 0 |a Bioestadística  |9 261187 
650 0 |a Estadística matemática  |9 260028 
650 7 |a DISTRIBUCION DE PROBABILIDADES  |2 CL-VaPUC  |9 424858 
650 0 |a Procesos estocásticos   |9 260364 
650 0 |a Análisis de varianza   |9 336938 
583 |a last modification  |c 19990128 00:00:00  |k Rodrigo Vera 
999 |c 278920  |d 278918 
952 |0 0  |1 0  |4 0  |6 570_151950000000000_COL_1971  |7 0  |8 A  |9 317735  |a BIBMAT  |b BIBMAT  |d 2019-11-20  |i 1320580  |o 570.15195 COL 1971  |p 1320580  |r 2025-01-07  |w 2019-11-20  |y BK  |k MAT